000 00842cab a2200229 4500
001 X77453
008 090401t1997 xxu||||| |||| 00| 0 eng d
035 _a(Sirsi) u77453
041 _aeng
245 _aAssociated Newspapers Property Ltd and another v Drapers Company
260 _c1997
350 _a0
490 _aNew Property Cases
_v[1997] NPC 27
520 _aCA 24 February 1997. A headlessee and underlessee are able by a complex set of negotiations to avoid the operation of a clause in the lease forbidding underletting in return for couumtation. NOT TO BE PHOTOCOPIED.
650 _aASSOCIATED NEWSPAPERS PROPERTY LTD V DRAPERS COMPANY
650 _aHEADLEASES
650 _aUNDERLESSEES
650 _aUNDERLETTING
690 _aLANDLORD AND TENANT-CASE LAW-BUSINESS TENANCIES
942 _n0
948 _c27/03/1997
999 _c48701
_d48701